Online
Catalog

Por órdenes superiores : (Record no. 60738)

MARC details
000 -CABECERA
campo de control de longitud fija 01534nam a2200289 i 4500
003 - IDENTIFICADOR DEL NÚMERO DE CONTROL
campo de control DO-SdBNP
005 - FECHA Y HORA DE LA ÚLTIMA TRANSACCIÓN
campo de control 20260514161528.0
007 - CAMPO FIJO DE DESCRIPCIÓN FÍSICA--INFORMACIÓN GENERAL
campo de control de longitud fija ta
008 - DATOS DE LONGITUD FIJA--INFORMACIÓN GENERAL
campo de control de longitud fija 260514e20142025dr ac gr|||||||1 |bspa d
020 ## - NÚMERO INTERNACIONAL ESTÁNDAR DEL LIBRO
Número Internacional Estándar del Libro 9789945224337
040 ## - FUENTE DE LA CATALOGACIÓN
Centro catalogador/agencia de origen DO-SdBNP
Lengua de catalogación spa
Centro/agencia transcriptor BNPHU
Normas de descripción rda
041 ## - CÓDIGO DE LENGUA
Código de lengua original spa
082 ## - NÚMERO DE LA CLASIFICACIÓN DECIMAL DEWEY
Número de documento/Ítem I32p 2025
Número de edición 22
100 1# - ENTRADA PRINCIPAL--NOMBRE DE PERSONA
Nombre de persona Imbert Brugal, Segundo,
Fechas asociadas al nombre 1943-
Término indicativo de función/relación autor
9 (RLIN) 73366
245 10 - MENCIÓN DE TÍTULO
Título Por órdenes superiores :
Resto del título relatos /
Mención de responsabilidad, etc. Segundo Imbert Brugal.
250 ## - MENCIÓN DE EDICIÓN
Mención de edición Segunda edición revisada.
264 ## - PRODUCCIÓN, PUBLICACIÓN, DISTRIBUCIÓN, FABRICACIÓN Y COPYRIGHT
Producción, publicación, distribución, fabricación y copyright Santo Domingo, República Dominicana :
Nombre del de productor, editor, distribuidor, fabricante Editora Búho,
Fecha de producción, publicación, distribución, fabricación o copyright 2025.
300 ## - DESCRIPCIÓN FÍSICA
Extensión 172 páginas :
Otras características físicas ilustraciones, retratos. ;
Dimensiones 23 cm.
336 ## - TIPO DE CONTENIDO
Término de tipo de contenido texto
Código de tipo de contenido txt
Fuente rdacontent
337 ## - TIPO DE MEDIO
Nombre/término del tipo de medio sin mediación
Código del tipo de medio n
Fuente rdamedia
338 ## - TIPO DE SOPORTE
Nombre/término del tipo de soporte volumen
Código del tipo de soporte nc
Fuente rdacarrier
500 ## - NOTA GENERAL
Nota general Incluye datos biográficos del autor en las solapas.
505 0# - NOTA DE CONTENIDO CON FORMATO
Nota de contenido con formato Cundo vino el yate --
Título Dos esferas de cristal --
-- Odalís Picúa --
-- El discurso de Jacinto --
-- El cartón de Pura --
-- Un infarto en francés --
-- Bienvenido y las metresas --
-- A seis horas de distancias --
-- La fiestas de quince años --
-- Después del bautizo --
-- El muchachito --
-- Jesús Walterio Rossi.
520 ## - SUMARIO, ETC.
Sumario, etc. Enfrentados con traumas psicológicos y tragedias sociales, recurridos como defensa a la negación y al olvido. Reprimimos memorias para seguir adelante sin la perturbación de un dolor perenne. Pero quedan cargas y consecuencias del insulto, que matizarán siempre nuestro comportamiento individual y colectivo...
590 ## - NOTA LOCAL (RLIN)
Nota local Inventariado, 2026/WG.
942 ## - ELEMENTOS DE PUNTO DE ACCESO ADICIONAL (KOHA)
Fuente del sistema de clasificación o colocación Dewey Decimal Classification
Tipo de ítem Koha Libro
Holdings
Estado de retiro Estado de pérdida Fuente del sistema de clasificación o colocación Restricciones de uso No para préstamo Código de colección Localización permanente Ubicación/localización actual Fecha de adquisición Total de préstamos Signatura topográfica completa Código de barras Fecha visto por última vez Precio válido a partir de Tipo de ítem Koha Número de copia
    Dewey Decimal Classification Excluido de préstamo   Patrimonio Dominicano Biblioteca Nacional Pedro Henríquez Ureña Biblioteca Nacional Pedro Henríquez Ureña 14.05.2026   I32p 2025 2026-4081 14.05.2026 14.05.2026 Libro  
    Dewey Decimal Classification Excluido de préstamo   Patrimonio Dominicano Biblioteca Nacional Pedro Henríquez Ureña Biblioteca Nacional Pedro Henríquez Ureña 14.05.2026   I32p 2025 2026-4082 14.05.2026 14.05.2026 Libro e.2
    Dewey Decimal Classification Excluido de préstamo   Patrimonio Dominicano Biblioteca Nacional Pedro Henríquez Ureña Biblioteca Nacional Pedro Henríquez Ureña 14.05.2026   I32p 2025 2026-4083 14.05.2026 14.05.2026 Libro e.3

Powered by Koha